| Tag |
First Indicator |
Second Indicator |
Subfields |
| LEADER |
00000nam a22000007i 4500 |
| 001 |
in00005692621 |
| 005 |
20260226173656.5 |
| 006 |
m o d |
| 007 |
cr cnu---unuuu |
| 008 |
260207s2026 nju o ||| 0 eng d |
| 035 |
|
|
|a wil6005422
|
| 035 |
|
|
|a (NhCcYBP)wil6005422
|
| 040 |
|
|
|a NhCcYBP
|b eng
|e rda
|c NhCcYBP
|
| 020 |
|
|
|a 9781394283033
|q electronic book
|
| 020 |
|
|
|a 1394283032
|q electronic book
|
| 020 |
|
|
|a 9781394283026
|
| 020 |
|
|
|a 1394283024
|
| 020 |
|
|
|z 9781394283019
|
| 020 |
|
|
|z 1394283016
|
| 050 |
|
4 |
|a TP245.N8
|b H47 2026
|
| 082 |
0 |
4 |
|a 666
|2 23/eng/20260225
|
| 100 |
1 |
|
|a Hessel, Volke.
|
| 245 |
1 |
0 |
|a Plasma-Assisted Nitrogen Fixation for Sustainable Process Industries.
|
| 264 |
|
1 |
|a Hoboken, NJ :
|b John Wiley & Sons, Inc.
|c 2026
|
| 300 |
|
|
|a 1 online resource
|
| 336 |
|
|
|a text
|b txt
|2 rdacontent
|
| 337 |
|
|
|a computer
|b c
|2 rdamedia
|
| 338 |
|
|
|a online resource
|b cr
|2 rdacarrier
|
| 520 |
|
|
|a Enables readers to use plasma technology in the ammonia and NOx production process for greater efficiency, resiliency, and sustainability Bridging the gap between chemistry, physics, and engineering, Plasma-Assisted Nitrogen Fixation for Sustainable Process Industries provides in-depth insights into plasma-assisted nitrogen fixation, plasma...
|
| 532 |
1 |
|
|3 EBSCOhost
|a "EBSCO evaluates our products based on the Web Content Accessibility Guidelines (WCAG) and the related Section 508 and EN 301 549 regulations in the US and EU. Most EBSCO products are substantially conformant with WCAG 2.2 level AA." Source: https://connect.ebsco.com/s/article/EBSCO-VPATs?language=en_US. Last accessed April 22, 2025.
|
| 650 |
|
0 |
|a Nitrogen
|x Fixation.
|
| 655 |
|
0 |
|a Electronic books.
|
| 700 |
1 |
|
|a Centi, Gabriele.
|
| 700 |
1 |
|
|a Bogaerts, Annemi.
|
| 776 |
0 |
8 |
|i Print version:
|z 1394283016
|z 9781394283019
|
| 776 |
0 |
8 |
|z 1-394-28301-6
|
| 856 |
4 |
0 |
|u http://proxy.library.tamu.edu/login?url=https://onlinelibrary.wiley.com/book/10.1002/9781394283040
|z Connect to the full text of this electronic book
|t 0
|
| 955 |
|
|
|a Wiley EBA record
|
| 975 |
|
|
|p Wiley UBCM Full Collection
|
| 976 |
|
|
|a 6005422
|
| 999 |
f |
f |
|i 541546ab-1834-4e45-95d9-d2f9cb0e01b8
|s 0a7ae2f9-53a8-4b0a-8824-2fd72220c01b
|t 0
|
| 952 |
f |
f |
|a Texas A&M University
|b College Station
|c Electronic Resources
|s evans_pda
|d Available Online
|t 0
|e TP245.N8 H47 2026
|h Library of Congress classification
|
| 998 |
f |
f |
|a TP245.N8 H47 2026
|t 0
|l Available Online
|